Musical Acts by State - Hawai'i - Statistics

General Stats
  • This quiz has been taken 80 times
  • The average score is 4 of 30
Answer Stats
City/Town Songs Answer % Correct
Honolulu Just The Way You Are | That's What I Like Bruno Mars
77%
Honolulu Wind Beneath My Wings | The Rose Bette Midler
70%
Honolulu Somewhere Over the Rainbow | White Sandy Beach Of Hawaiʻi Israel "IZ" Kamakawiwoʻole
50%
Honolulu Tiny Bubbles | The Hukilau Song Don Ho
41%
North Shore (Oahu) Banana Pancakes | Upside Down Jack Johnson
41%
Honolulu If I Can't Have You | I Don't Know How To Love Him Yvonne Elliman
22%
Lihue Nothing's Gonna Change My Love For You | She Ain't Worth It Glenn Medeiros
16%
Oahu Perfect Day | Another Dumb Blonde Hoku
11%
Hilo Nice Guys | Bromance Ryan Higa
11%
Honolulu Alika | Papalina Lahilahi Genoa Keawe
6%
? Honolulu City Lights | Kalena Kai Keola Beamer
6%
Oahu Ehu Girl | First True Love Kolohe Kai
6%
Kailua-Kona Stone Love | Warning Pepper
6%
Makawao Highter Than The Clouds | Simple Love Song Anuhea
5%
Honolulu About You | Highway In The Sun Cecilio & Kapono
5%
Honolulu Old Fashioned Touch | Our Love Is Divine Opihi Pickers
5%
Lahaina You Ku'uipo | Pālehua Willie K
5%
Honolulu The Hurt | Real Thing Kalapana
3%
Lahaina E O Mai | Kauanoeanuhea Kealiʻi Reichel
3%
Kailua-Kona Make Me Say | You Are My Sunshine Kimié Miner
3%
Kalapana Slack Key Lullaby | I Kona Ledward Kaapana
3%
Molokaʻi Walk Through Paradise | Paniolo Country Melveen Leed
3%
Ni'ihau A Part Of Me, A Part Of You | Mapuna Ka Hala O'Kailua Moe Keale
3%
Kahaluʻu Put A Little Love | Put Some Time Natural Vibrations
3%
Oahu Yellow Bird | Hii Lawe Arthur Lyman
2%
Honolulu Rainy Day | Lay Me Down Janel Parrish
2%
Oahu You Don't Write | Carly Rose Kaʻau Crater Boys
2%
Mililani Falling | Promised Love Keahiwai
2%
Waimānalo If Ever | Just A Little Bit Paula Fuga
2%
Oahu All I Need | Love I The Green
2%
No matching quizzes found
Score Distribution
Percent of People with Each Score
Percentile by Number Answered
Your Score History
You have not taken this quiz